Statistics for Wrestlers With Most Matches on WWE Raw

Click here to take the quiz!

General Stats

  • This quiz has been taken 45 times
  • The average score is 117 of 500

Answer Stats

MatchesRecord (W-L-D)Wrestler% Correct
381254-91-36John Cena
100%
15288-60-4Big E
95%
12976-48-5Booker T
95%
442216-185-41Kane
95%
15992-44-23The Undertaker
95%
455238-174-43Randy Orton
90%
13455-71-8Ric Flair
90%
348127-206-15The Miz
90%
384192-143-49Triple H
90%
290148-131-11Jeff Hardy
85%
21995-113-11Matt Hardy
85%
227142-61-24Shawn Michaels
85%
339165-138-36Big Show
80%
1210-2-0Brock Lesnar
80%
11151-53-7Charlotte Flair
80%
425196-204-25Chris Jericho
80%
281129-127-25Edge
80%
318169-142-7Kofi Kingston
80%
204135-48-21Roman Reigns
80%
307176-120-11Seth Rollins
80%
12369-30-24Steve Austin
80%
200116-62-22The Rock
80%
3215-8-9Vince McMahon
80%
16386-65-12CM Punk
75%
338128-197-13Dolph Ziggler
75%
87-1-0Hulk Hogan
75%
15788-64-5Rey Mysterio
75%
4617-20-9Shane McMahon
75%
136-6-1Stephanie McMahon
75%
14679-57-10Batista
70%
4226-11-5Bret Hart
70%
16184-66-11Dean Ambrose
70%
5026-23-1Dominik Mysterio
70%
5523-28-4Eddie Guerrero
70%
332175-136-21Sheamus
70%
16583-72-10Trish Stratus
70%
12353-65-5Brie Bella
65%
13880-49-9Chris Benoit
65%
24898-135-15Christian
65%
16091-59-10Daniel Bryan
65%
21075-121-14Goldust
65%
14370-63-10Kurt Angle
65%
20792-99-16Mark Henry
65%
12064-38-18Mick Foley
65%
140-14-0Mike Bell
65%
10646-56-4Nikki Bella
65%
13467-59-8Owen Hart
65%
6431-26-7The Great Khali
65%
12873-54-1AJ Styles
60%
7843-28-7Becky Lynch
60%
19583-102-10Bubba Ray Dudley
60%
260115-133-12Cody Rhodes
60%
15665-82-9D-Von Dudley
60%
14893-53-2Finn Balor
60%
2922-1-6Goldberg
60%
8251-28-3Lita
60%
10557-45-3Xavier Woods
60%
6331-31-1AJ Lee
55%
9024-60-6Albert
55%
110-11Barry Hardy
55%
18898-73-17Billy Gunn
55%
40-4-0Bobby Who
55%
458-36-1Chavo Guerrero
55%
3625-7-4Diesel
55%
18196-75-10Drew McIntyre
55%
17377-77-19JBL
55%
14172-61-8Jey Uso
55%
13874-56-8Jimmy Uso
55%
17381-82-10Kevin Owens
55%
1710-6-1Mo
55%
11050-55-5Wade Barrett
55%
15988-64-7Alberto Del Rio
50%
9153-31-7Bray Wyatt
50%
22184-129-8Cesaro
50%
44-0-0Man Mountain Rock
50%
12467-52-5Nia Jax
50%
5737-18-2Rhea Ripley
50%
10156-38-7Rikishi
50%
21793-115-9R-Truth
50%
13679-44-13Sasha Banks
50%
6223-37-2Spike Dudley
50%
11967-47-5Bayley
45%
10750-54-3Beth Phoenix
45%
6740-22-5Erick Rowan
45%
4217-18-7Hawk
45%
9118-70-3Jinder Mahal
45%
15252-92-8John Morrison
45%
6629-31-6Luke Harper
45%
17477-90-7Natalya
45%
6032-25-3Paige
45%
65-1-0Randy Savage
45%
14068-55-17Road Dogg
45%
16567-93-5Santino Marella
45%
16078-72-10Test
45%
155-9-1Vickie Guerrero
45%
17588-65-22X-Pac
45%
8341-41-1Alexa Bliss
40%
4220-16-6Chyna
40%
7950-28-1Damian Priest
40%
11928-86-5Heath Slater
40%
107-3-0Jimmy Del Ray
40%
60-6-0John Paul
40%
2713-12-2Keith Lee
40%
17385-84-4Mickie James
40%
183109-67-7Rob Van Dam
40%
7839-36-3Sami Zayn
40%
20377-122-4Shelton Benjamin
40%
8932-51-6Ted DiBiase
40%
96-3-0Ted DiBiase
40%
9753-39-5Umaga
40%
2917-12-0Yokozuna
40%
4316-20-7Animal
35%
5335-16-2Bart Gunn
35%
5242-8-2Bianca Belair
35%
4324-16-3Big Cass
35%
1610-5-1Bob Backlund
35%
13694-30-12Braun Strowman
35%
9325-66-2Chad Gable
35%
5313-40-0David Otunga
35%
115-5-1Ezekiel Jackson
35%
12556-54-15Faarooq
35%
52-3-0Fake Razor Ramon
35%
12154-58-9Hardcore Holly
35%
83-3-2Mae Young
35%
10351-49-3Melina
35%
2113-7-1Mr Perfect
35%
5437-12-5Razor Ramon
35%
2120-1-0Ronda Rousey
35%
10157-33-11Rusev
35%
13080-44-6Ryback
35%
288-19-1Sarah Logan
35%
114-7-0Shinsuke Nakamura
35%
8935-48-6Viscera
35%
11926-90-3Zack Ryder
35%
4635-11-0Aleister Black
30%
8219-56-7Al Snow
30%
10770-33-4Asuka
30%
5224-28Austin Theory
30%
5412-34-8Big Boss Man
30%
7231-40-1Bobby Roode
30%
7535-31-9British Bulldog
30%
6320-35-8Crash Holly
30%
13934-98-7Curtis Axel
30%
158-7-0Dakota Kai
30%
6422-39-3Darren Young
30%
51-2-2DDP
30%
3314-19-0Dean Malenko
30%
7934-33-12D'Lo Brown
30%
4821-25-2Enzo Amore
30%
50-5-0Eric Young
30%
9049-40-1Eve Torres
30%
185-13-0Finlay
30%
3121-6-4Hornswoggle
30%
6740-27-0Jerry Lawler
30%
147-7-0Johnny Gargano
30%
5821-34-3Layla
30%
7832-44-2Liv Morgan
30%
9759-38-0Matt Riddle
30%
4715-30-2Maven
30%
71-6-0Michael Cole
30%
8529-55-1Molly Holly
30%
8338-42-3MVP
30%
8850-34-4Naomi
30%
4534-11-0Omos
30%
5616-39-1Otis
30%
3514-19-2Raven
30%
7624-47-5Rhyno
30%
84-3-1Sable
30%
3118-11-2Sin Cara
30%
5922-34-3Sin Cara
30%
9332-58-3Tamina
30%
4320-22-1Tazz
30%
10045-42-13The Godfather
30%
3713-24Torrie Wilson
30%
14862-78-8William Regal
30%
177118-55-4Bobby Lashley
25%
8628-53-5Bo Dallas
25%
5219-31-2Brian Kendrick
25%
5125-23-3Brodus Clay
25%
2411-13-0Carmella
25%
3521-10-4Crush
25%
342-32-0Curt Hawkins
25%
9230-59-3Damien Sandow
25%
7026-42-2Epico
25%
179-7-1Eva Marie
25%
7630-44-2Evan Bourne
25%
7121-48-2Fandango
25%
60-6-0Gary Scott
25%
94-5-0Gunther
25%
4118-22-1Ivory
25%
2111-9-1Iyo Sky
25%
16150-108-3Jack Swagger
25%
2413-11-0Jason Jordan
25%
7515-59-1Jillian Hall
25%
155-10-0Jim Neidhart
25%
6327-33-3Kalisto
25%
10341-60-2Karl Anderson
25%
10159-37-5Kelly Kelly
25%
10444-58-2Luke Gallows
25%
3413-21-0Mandy Rose
25%
2513-12-0Michelle McCool
25%
124-5-3Pat Patterson
25%
9633-59-4Primo
25%
1210-2-0Rick Steiner
25%
269-17-0Rico
25%
4930-17-2Scott Steiner
25%
6434-27-3Shayna Baszler
25%
162-14-0Simon Dean
25%
8539-38-8Steve Blackman
25%
8224-57-1The Hurricane
25%
1611-5-0Tommaso Ciampa
25%
4413-29-2Tommy Dreamer
25%
285-21-2Tyler Breeze
25%
15055-83-12Val Venis
25%
269-17-0Adam Rose
20%
3524-9-2Ahmed Johnson
20%
7628-47-1Akira Tozawa
20%
15947-108-4Alicia Fox
20%
3423-9-2Bam Bam Bigelow
20%
7832-43-3Baron Corbin
20%
8435-44-5Chris Masters
20%
3413-19-2Jacqueline
20%
3215-16-1Jazz
20%
248-15-1Jim Duggan
20%
3319-12-2Kaitlyn
20%
7842-22-14Ken Shamrock
20%
2419-3-2Lex Luger
20%
2710-14-3Marty Jannetty
20%
6722-44-1Mustafa Ali
20%
2412-12-0Paul London
20%
3514-21-0Perry Saturn
20%
51-3-1Samir Singh
20%
72-4-1Sunil Singh
20%
61-3-2Tiger Ali Singh
20%
13036-86-8Titus O'Neil
20%
5919-37-3Tyson Kidd
20%
11447-66-1Victoria
20%
4722-21-4Andrade
15%
92-7-0Brian Pillman
15%
2714-12-1Cameron
15%
13250-74-8Carlito
15%
107-2-1Christy Hemme
15%
169-6-1Earthquake
15%
10740-64-3Elias
15%
165-10-1Essa Rios
15%
4017-21-2Gran Metalik
15%
95-3-1Jake Roberts
15%
9749-44-4Jeff Jarrett
15%
3619-17-0Justin Gabriel
15%
3010-20-0Lana
15%
83-4-1Luna Vachon
15%
6121-36-4Maria Kanellis
15%
5920-37-2Maryse
15%
82-6-0Mike Kanellis
15%
7542-30-3Montez Ford
15%
4119-21-1Mr Kennedy
15%
6130-28-3Neville
15%
7631-45-0Nikki Cross
15%
147-7-0Raquel Rodriguez
15%
10555-46-4Ricochet
15%
364-31-1Rosa Mendes
15%
4122-16-3Samoa Joe
15%
7721-52-4Scotty 2 Hotty
15%
1411-3-0Solo Sikoa
15%
3213-18-1Stacy Keibler
15%
5913-45-1Steven Richards
15%
5819-36-3Tajiri
15%
72-5-0The Kat
15%
82-6-0The Sandman
15%
2712-15-0Vladimir Kozlov
15%
259-16-0Zelina Vega
15%
104-6-0Afa
10%
83-5-0Aiden English
10%
2819-9-0Akam
10%
243-21-0Aksana
10%
2912-17-0Alex Riley
10%
42-2-0Aliyah
10%
7543-30-2Angelo Dawkins
10%
8534-49-2Apollo Crews
10%
2010-10-0Ashley
10%
40-4-0Brad Maddox
10%
260-26-0Brooklyn Brawler
10%
4014-23-2Bull Buchanan
10%
64-2-0Bushwhacker Butch
10%
12659-67-0Cedric Alexander
10%
4911-33-5Charlie Haas
10%
102-8-0Chelsea Green
10%
82-5-1Chris Kanyon
10%
149-4-1Chuck Palumbo
10%
83-4-1Debra
10%
158-7-0Doink the Clown
10%
159-5-1Doink the Clown
10%
85-2-1Eric Bischoff
10%
7644-30-2Erik
10%
5220-29-3Eugene
10%
3814-20-4Flash Funk
10%
154-9-2Funaki
10%
7529-45-1Gail Kim
10%
405-29-6Gangrel
10%
145-6-3Gerald Brisco
10%
42-2-0Giant Gonzalez
10%
223-19-0Gillberg
10%
6925-41-3Grandmaster Sexay
10%
6742-23-2Ivar
10%
75-1-1Jim Ross
10%
92-7-0Joey Mercury
10%
193-16-0Jonathan Coachman
10%
198-11-0Kairi Sane
10%
107-2-1Karrion Kross
10%
6926-39-4Lance Storm
10%
71-6-0Ludwig Kaiser
10%
125-7-0Mason Ryan
10%
75-2-0Michael Tarver
10%
157-7-1Paul Burchill
10%
111-8-2Pete Gas
10%
3013-16-1Rene Dupree
10%
2820-8-0Rezar
10%
63-3-0Ricardo Rodriguez
10%
279-17-1Robbie McAllister
10%
2711-16-0Rory McAllister
10%
6321-36-6Savio Vega
10%
141-12-1Sgt Slaughter
10%
141-11-2Shawn Stasiak
10%
2715-10-2Sid
10%
6318-42-3Snitsky
10%
276-21-0Sonya Deville
10%
4123-12-6Tatanka
10%
178-7-2Terry Funk
10%
2612-14-0TJP
10%
5431-13-10Vader
10%
70-7-0Virgil
10%
113-8-0Yoshi Tatsu
10%
2911-7-118 Ball
5%
74-2-1Alundra Blayze
5%
4621-23-2Angel Garza
5%
40-4-0Austin Steele
5%
40-4-0Balls Mahoney
5%
217-10-4Barry Windham
5%
82-6-0Bastion Booger
5%
118-2-1Bronson Reed
5%
3318-14-1Buddy Murphy
5%
64-2-0Bushwhacker Luke
5%
134-9-0Candice LeRae
5%
5734-23-0Candice Michelle
5%
96-3-0Curtis Hughes
5%
6027-31-2Dash Wilder
5%
257-15-3DH Smith
5%
269-17-0Dijak
5%
4110-31-0Drew Gulak
5%
266-16-4Droz
5%
65-1-0El Torito
5%
3221-11-0Ember Moon
5%
3213-19-0Emma
5%
52-3-0Haku
5%
4015-22-3Humberto Carrillo
5%
2921-7-1IRS
5%
204-16-0Jamie Noble
5%
2110-8-3Johnny
5%
4820-26-2JTG
5%
408-28-4Justin Credible
5%
196-13-0Katie Lea Burchill
5%
41-3-0Kayden Carter
5%
97-2-0King Kong Bundy
5%
397-28-4Konnor
5%
2313-9-1Lacey Evans
5%
7327-45-1Lance Cade
5%
64-1-1Ludvig Borga
5%
238-15-0MACE
5%
147-6-1Madcap Moss
5%
43-1-0Mantaur
5%
6332-29-2Marc Mero
5%
147-6-1Mark Jindrak
5%
132-10-1Mia Yim
5%
123-7-2Miguel Perez
5%
105-5-0Mike Knox
5%
218-13-0Mojo Rawley
5%
5826-28-4Mosh
5%
116-5-0Nidia
5%
200-20-0Noam Dar
5%
213-18-0No Way Jose
5%
110-11-0Phil Apollo
5%
4213-29-0Piper Niven
5%
1811-7-0Reggie
5%
2116-4-1Rich Swann
5%
84-3-1Rick Martel
5%
72-5-0Ricky Morton
5%
6823-43-2Rob Conway
5%
1811-7-0Rodney Mack
5%
5414-40-0Rosey
5%
5019-28-3Ruby Riott
5%
1311-1-1Samu
5%
51-4-0Shanky
5%
305-23-2Summer Rae
5%
278-17-2Super Crazy
5%
4822-25-1Sylvain Grenier
5%
197-11-1Terri Runnels
5%
63-2-1The Fabulous Moolah
5%
5624-28-4Thrasher
5%
5514-40-1Trevor Murdoch
5%
158-7-0Tucker
5%
41-3-0Tyler Reks
5%
297-22-0Tyson Tomko
5%
2014-6-0Veer
5%
50-5-0Ace Darling
0%
2116-4-1Adam Bomb
0%
51-4-0Alex Porteau
0%
122-10-0Antonio
0%
223-19-0Ariya Daivari
0%
97-2-0Austin Aries
0%
270-25-2Barry Horowitz
0%
50-5-0Bert Centeno
0%
236-17-0Billie Kay
0%
50-5-0Blake Beverly
0%
40-4-0Bob Cook
0%
40-4-0Brian Walsh
0%
60-6-0Buck Quartermaine
0%
2512-13-0Carl Ouellet
0%
175-8-4Chainz
0%
2812-14-2Christopher Nowinski
0%
94-5-0Commander Azeez
0%
40-4-0Cory Student
0%
135-8-0Daivari
0%
61-5-0Damien Demento
0%
9033-55-2Dana Brooke
0%
50-4-1Dan Dubiel
0%
149-5-0Dan Severn
0%
62-3-1Deuce
0%
63-3-0Dexter Lumis
0%
92-5-2Dick Togo
0%
105-5-0Doug Furnas
0%
135-8-0Drake Maverick
0%
127-5-0Duke Droese
0%
51-4-0Duke Hudson
0%
40-4-0Dutch Mantel
0%
72-5-0EC3
0%
50-5-0Gary Sabaugh
0%
51-4-0Giovanni Vinci
0%
135-8-0Hakushi
0%
4723-18-6Henry O. Godwinn
0%
1611-5-0Jack Gallagher
0%
71-5-1Jackie Gayda
0%
158-7-0Jacques Rougeau
0%
178-9-0Jaxson Ryker
0%
92-7-0Jesus Castillo
0%
41-3-0Jim Powers
0%
141-11-2Joey Abs
0%
70-7-0John Crystal
0%
52-3-0Johnny Stamboli
0%
103-6-1Jose Estrada
0%
82-6-0Kamala
0%
41-3-0Katana Chance
0%
4215-23-4Kenny Dykstra
0%
51-4-0Koko B. Ware
0%
169-7-0Kurrgan
0%
40-4-0LA Gore
0%
4016-22-2Lince Dorado
0%
51-4-0Lio Rush
0%
165-11-0Mansoor
0%
70-7-0Mark Thomas
0%
143-11-0Matt Striker
0%
54-0-1Max Mini
0%
62-3-1Men's Teioh
0%
42-0-2Mike Awesome
0%
90-9-0Mike Khoury
0%
90-9-0Mike Sharpe
0%
2110-8-3Mikey
0%
93-3-3Mitch
0%
149-5-0Muhammad Hassan
0%
70-7-0Nick Barberri
0%
41-2-1Nikolai Volkoff
0%
42-1-1Pantera
0%
339-23-1Peyton Royce
0%
95-4-0Phil Lafon
0%
4517-19-9Phineas I. Godwinn
0%
80-8-0Reno Riggins
0%
110-11-0Rich Myers
0%
72-5-0Robert Gibson
0%
111-8-2Rodney
0%
112-9-0Romeo
0%
80-8-0Roy Raymond
0%
70-7-0Russ Greenberg
0%
6227-33-2Scott Dawson
0%
3817-19-2Shad
0%
83-5-0Simon Gotch
0%
177-8-2Skip
0%
3112-9-10Skull
0%
143-11-0Slapjack
0%
82-5-1Sniper
0%
51-4-0Steven Dunn
0%
3817-19-2TAKA Michinoku
0%
40-3-1Tarantula
0%
75-2-0The Patriot
0%
112-9-0Tom Brandi
0%
2111-9-1Tom Prichard
0%
130-13-0Tony DeVito
0%
265-20-1Tony Nese
0%
90-9-0Tony Roy
0%
81-7-0Tracy Smothers
0%
63-3-0Tugboat
0%
385-29-4Viktor
0%

Score Distribution

Percentile by Number Answered

Percent of People with Each Score

Your Score History

You have not taken this quiz